000 00897nam a2200241 a 4500
001 BRCA_6814
005 20190320205613.0
008 041111s1953----mx-ae#####---#000-0#spa-#
041 _aspa
044 _amx
050 4 _aN910.M4
_bE96 1953
245 1 0 _aExposición de arte mexicano
_bGuía del visitante
_cMuseo Nacional de Artes Plásticas
260 _aMéxico
_bInstituto Nacional de Bellas Artes ; Secretría de Educación Pública
_c1953
300 _a138 p.
_bil., 50 láminas, planos
_c17 cm.
500 _aEstado físico: la cubierta posterior se esta desprendiendo
500 _aO1
650 1 4 _aMuseo Nacional de Artes Plásticas, INBA
_zCiudad de México
_916993
650 1 4 _aArte mexicano
_xExposiciones
_92101
710 2 _aSecretaría de Educación Publica (México)
_916994
710 2 _aInstituto Nacional de Bellas Artes (México)
_913982
902 _aGFM
942 _2lcc
_cB
999 _c6497
_d6497